000 00359nam a2200169Ia 4500
008 210210b1960 xxu||||| |||| 00| 0 eng d
041 _aeng
082 _a539/9
100 _aBOYS (C V)
245 _aSoap bubbles
260 _aLondon
_bHeinemann
_c1960
300 _a156
650 _aSoap
650 _abubbles
690 _aPhysics
906 _a009025
999 _c127772
_d127772